LEADER 01201nam a2200289 u 4500 001 000000028252 003 CaOOAMICUS 005 20070226111800.0 008 960530s1992 it u000 u ita u 035 $a10732994 040 $aIPA$bita 041 1 $aita$hfre 100 1 $aPinckaers, Servais,$cO.P.,$d1925-$0(OLS)http://pul/name/23012 240 10$aSources de la morale chrétienne.$lItaliano.$0(OLS)http://pul/title/38588 245 13$aLe fonti della morale cristiana :$bmetodo, contenuto, storia /$cServais Pinckaers. 260 $aMilano :$bEdizioni Ares,$c1992. 300 $a607 p. ;$c22 cm 490 1 $aRagione & fede ;$v14 504 $aBibliografia: p. 547-593. 650 4$aTeologia morale.$0(OLS)http://pul/subject/1500 830 0$aRagione & fede ;$v14.$0(OLS)http://pul/title/38590 850 $aPUL 852 $aPUL$W1$xDP1 Fondo Giannini$y60$m1558 A 8$j39260$nBK-PRI$b $qFondi$B39260$CPULBib$Z2$F39260 $H $81 941 1 $a1 961 $aINV: Fondo Giannini 996 $6245$aLe fonti della morale cristiana :$bmetodo, contenuto, storia$9(OLS)http://pul/title/38589 996 $6260$aMilano :$bEdizioni Ares$9(OLS)http://pul/publisher/60056 LEADER 01736namaa2200337 i 4500 001 000000177467 003 CaOOAMICUS 005 20241220084607.0 007 tu 008 241219s2024 it 000 u ita r 040 $aPUL$bita$erda 082 0 $a264.02 110 2 $aDicastero per l'Evangelizzazione$pSezione per le questioni fondamentali dell?evangelizzazione nel mondo.$0(OLS)http://pul/name/114160 245 10$aGiubileo 2025 :$bTesti Liturgici. Norme sulla concessione dell'indulgenza giubilare /$cDicastero per l'Evangelizzazione Sezione per le questioni fondamentali dell?evangelizzazione nel mondo. 264 1$aCittà del Vaticano :$bTipografia vaticana,$c[2024] 300 $a76 pagine ;$c31 cm 336 $atesto$btxt$2rdacontent 337 $asenza mediazione$bn$2rdamedia 338 $avolume$bnc$2rdacarrier 500 $aSpes non confundit: Bolla di indizione del Giubileo 2025. 505 00$aI: Testi Liturgici -- II : Norme sulla concessione dell'indulgenza giubilare. 610 24$aPapi (2013-2025 : Franciscus)$tSpes non confudit.$0(OLS)http://pul/subject/46922 650 4$aIndulgenze.$0(OLS)http://pul/subject/2994 650 4$aGiubilei cristiani$y2025$xTesti liturgici.$0(OLS)http://pul/subject/17075 850 $aPUL 852 $aPUL$W1$xSL Religione 3$y85$m264. 02 EVANG 1$j201421$qDDC 21$B206441$CPULBib$Z2$F206441 $H137550 $82 941 1 $a9 996 $6082$a264.02$9(OLS)http://pul/classification/1758 996 $6245$aGiubileo 2025 :$bTesti Liturgici. Norme sulla concessione dell'indulgenza giubilare$9(OLS)http://pul/title/218984 996 $6264$aCittà del Vaticano :$bTipografia vaticana$9(OLS)http://pul/publisher/67074